Az 1848-49-es honvéd gyalogság
Elmentve itt :
| Szerző: | |
|---|---|
| Dokumentumtípus: | Cikk |
| Megjelent: |
1947
|
| Sorozat: | Honvéd : katonai folyóirat
2 No. 10 |
| Kulcsszavak: | Hadtudomány |
| Online Access: | http://misc.bibl.u-szeged.hu/3441 |
| LEADER | 00550nab a2200169 i 4500 | ||
|---|---|---|---|
| 001 | misc3441 | ||
| 005 | 20191106141820.0 | ||
| 008 | 170607s1947 hu o 0|| hun d | ||
| 040 | |a SZTE Miscellanea Repozitórium |b hun | ||
| 041 | |a hun | ||
| 100 | 1 | |a Fályi Béla | |
| 245 | 1 | 3 | |a Az 1848-49-es honvéd gyalogság |h [elektronikus dokumentum] / |c Fályi Béla |
| 260 | |c 1947 | ||
| 300 | |a 8-24 | ||
| 490 | 0 | |a Honvéd : katonai folyóirat |v 2 No. 10 | |
| 695 | |a Hadtudomány | ||
| 856 | 4 | 0 | |u http://misc.bibl.u-szeged.hu/3441/1/honved_002_010_008-024.pdf |z Dokumentum-elérés |